000 00464nam a22001817a 4500
999 _c17725
_d17725
003 OSt
005 20191119092414.0
008 191009b ||||| |||| 00| 0 eng d
020 _a0690724888
040 _aSEKU
050 _aPS 3537 .U46
_bS8
100 _aSullivan, A. M.
245 _aSelected lyrics and sonnets /
_cA. M. Sullivan.
260 _aNew York :
_bThomas Y. Crowell Company,
_c1970.
300 _a299 p.
650 _aPoetry
942 _2lcc
_cGEN